La iglesia en el Nuevo Testamento / (Record no. 139736)
[ view plain ]
| 000 -LEADER | |
|---|---|
| campo de control de longitud fija | 00831nam a2200229 i 4500 |
| 001 - NÚMERO DE CONTROL | |
| campo de control | 139736 |
| 003 - IDENTIFICADOR DE NÚMERO DE CONTROL | |
| campo de control | ES-MaACL |
| 005 - FECHA Y HORA DE LA ÚLTIMA TRANSACCIÓN | |
| campo de control | 20240306144903.0 |
| 007 - CAMPO FIJO DE DESCRIPCIÓN FÍSICA--INFORMACIÓN GENERAL | |
| campo de control de longitud fija | t| |
| 008 - DATOS DE LONGITUD FIJA--INFORMACIÓN GENERAL | |
| campo de control de longitud fija | 070214s1965 sp r ||||1| spa d |
| 100 1# - ENTRADA PRINCIPAL--NOMBRE DE PERSONA | |
| Nombre de persona | Schnackenburg, Rudolf. |
| 9 (RLIN) | 104543 |
| 245 13 - MENCIÓN DEL TÍTULO | |
| Título | La iglesia en el Nuevo Testamento / |
| Mención de responsabilidad, etc. | Rudolf Schnackenburg ; versión española de Carlos Fernández Barberá. |
| 260 ## - PUBLICACIÓN, DISTRIBUCIÓN, ETC. | |
| Lugar de publicación, distribución, etc. | Madrid : |
| Nombre del editor, distribuidor, etc. | Taurus, |
| Fecha de publicación, distribución, etc. | 1965. |
| 300 ## - DESCRIPCIÓN FÍSICA | |
| Extensión | 236 p. ; |
| Dimensiones | 21 cm. |
| 490 1# - MENCIÓN DE SERIE | |
| Mención de serie | Biblioteca Taurus de estudios bíblicos ; |
| Designación de volumen o secuencia | 5 |
| 630 #4 - PUNTO DE ACCESO ADICIONAL DE MATERIA--TÍTULO UNIFORME | |
| Título uniforme | Biblia. |
| Nombre de parte o sección de la obra | N.T.- |
| Subdivisión general | Crítica e interpretación |
| 9 (RLIN) | 119291 |
| 650 #4 - PUNTO DE ACCESO ADICIONAL DE MATERIA--TÉRMINO DE MATERIA | |
| Término de materia o nombre geográfico como elemento de entrada | Iglesia- |
| Subdivisión general | Enseñanza bíblica. |
| 9 (RLIN) | 166609 |
| 700 0# - ENTRADA AGREGADA--NOMBRE PERSONAL | |
| Nombre de persona | Barberá, Carlos F. |
| 9 (RLIN) | 25413 |
| 830 0# - PUNTO DE ACCESO ADICIONAL DE SERIE-TÍTULO UNIFORME | |
| Título uniforme | Biblioteca Taurus de estudios bíblicos ; |
| Designación de volumen o secuencia | 5 |
| 9 (RLIN) | 189984 |
| 852 ## - LOCALIZACIÓN | |
| Ubicación | ES-MaACL |
| Número de control de estantería | C-28049 |
| Sublocalización o colección | R.57443 |
| Estatus retirado | Estado de pérdida | Estado de daño | No para préstamo | Biblioteca de origen | Biblioteca actual | Ubicación en estantería | Fecha de adquisición | Fuente de adquisición | Total de préstamos | Signatura topográfica completa | Código de barras | Visto por última vez | Precio de reemplazo | Tipo de ítem Koha |
|---|---|---|---|---|---|---|---|---|---|---|---|---|---|---|
| Biblioteca del Ateneo de Madrid | Biblioteca del Ateneo de Madrid | Depósito 2 | 17/01/2008 | C-28049 | 1145414 | 23/02/2023 | 23/02/2023 | Libro impreso |
